The transition from feudalism to capitalism

Αποθηκεύτηκε σε:
Λεπτομέρειες βιβλιογραφικής εγγραφής
Κύριος συγγραφέας: Sweezy, Paul Marlor 1910-
Μορφή: Βιβλίο
Γλώσσα:English
Δημοσίευση: London : Verso, 1976
Θέματα:
Ετικέτες: Προσθήκη ετικέτας
Δεν υπάρχουν, Καταχωρήστε ετικέτα πρώτοι!

MARC

LEADER 00000nam a2200000 i 4500
001 1/30393
008 960423s1976 eng d
020 |a 0860917010 
035 |l 10023393 
040 |a GR-MY-UA  |b gre  |e aacr 
041 0 |a eng 
082 0 |a 330.122 
100 1 |a Sweezy, Paul Marlor  |d 1910- 
245 1 4 |a The transition from feudalism to capitalism 
260 |a London :   |b Verso,   |c 1976 
300 |a 195 p. 
650 0 0 |a Capitalism  |x History. 
852 |a INST  |b CHIOS  |e 19960423  |h 330.122 TRA  |p 005200005888  |q 005200005888  |t BK  |y 0 
909 |a Χ  |b 001623